000 00616nam a2200229Ia 4500
003 OSt
005 20220928103436.0
006 a|||||r|||| 00| 0
007 ta
008 220927b |||||||| |||| 00| 0 eng d
024 _a47800
037 _cTextual
040 _aSDCL
_cSDCL
_beng
041 _2eng
_aeng
082 _aY:1.216'L, N8
100 _aMyneni Krishna Kumari
_9404052
245 0 _aFacets of andhra culture.
260 _aDelhi
_bGyan Sagar Publications
_c1998
300 _a215p.
_ccm.
942 _hY:1.216'L, N8
_cTEXL
_2CC
999 _c719807
_d719807